Object-oriented and classical software engineering / (رقم التسجيلة. 14238)

تفاصيل مارك
000 -الفاتح
حقل البيانات ثابتة الطول 01204cam a2200349 a 4500
001 - رقم الضبط
رقم الضبط 16246152
003 - محدد رقم الضبط
رقم الضبط OSt
005 - وقت وتاريخ اخر تعامل مع التسجيلة
رقم الضبط 20150408113917.0
008 - عناصر البيانات ثابتة الطول - معلومات عامة
حقل البيانات ثابتة الطول 100521s2011 nyua b 001 0 eng
010 ## - رقم ضبط مكتبة الكونجرس
رقم ضبط مكتبة الكونجرس 2010020995
015 ## - رقم الببليوجرافية الوطنية
رقم الببليوجرافية الوطنية GBA9C2328
المصدر bnb
016 7# - رقم ضبط الوكاله الوطنية للضبط الببليوجرافي
رقم ضبط التسجيلة 015442153
المصدر Uk
020 ## - الرقم الدولى المعيارى للكتب
الرقم الدولى المعيارى للكتاب 9780071081719
020 ## - الرقم الدولى المعيارى للكتب
الرقم الدولى المعيارى للكتاب 0073376183 (alk. paper)
035 ## - رقم ضبط النظام
رقم ضبط النظام (OCoLC)ocn477254661
040 ## - مصدر الفهرسة
وكالة الفهرسة الأصلية DLC
وكالة النسخ DLC
وكالة التعديل BTCTA
-- UKM
-- YDXCP
-- C#P
-- BWX
-- DLC
050 00 - رقم طلب مكتبة الكونجرس
رقم التصنيف QA76.758
رقم المادة .S318 2011
082 00 - رقم تصنيف ديوى العشرى
رقم التصنيف 005.117
رقم الطبعة 21
رقم المادة SSO
100 1# - المدخل الرئيسى - إسم شخصى
الإسم الشخصى Schach, Stephen R.
9 (RLIN) 3958
245 10 - بيان العنوان
العنوان Object-oriented and classical software engineering /
بيان المسئوليه,etc Stephen R. Schach.
250 ## - بيان الطبعة
بيان الطبعة 8th ed.
260 ## - PUBLICATION, DISTRIBUTION, ETC. (IMPRINT)
مكان الناشر او الموزع New York :
اسم الناشر او الموزع McGraw-Hill,
تاريخ النشر أو التوزيع c2011.
300 ## - الوصف المادى
التعداد xix, 667 p. :
تفاصيل ماديه اخرى للوعاء ill. ;
أبعاد الوعاء 25 cm.
504 ## - تبصرة ببليوجرافية
تبصرة ببليوجرافية,الخ Includes bibliographical references and indexes.
650 #0 - المدخل الاضافى بالموضوع-مصطلح موضوعى
مصطلح موضوعي أو اسم جغرافي كعنصر مدخل Software engineering.
650 #0 - المدخل الاضافى بالموضوع-مصطلح موضوعى
مصطلح موضوعي أو اسم جغرافي كعنصر مدخل Object-oriented programming (Computer science)
9 (RLIN) 3959
650 #0 - المدخل الاضافى بالموضوع-مصطلح موضوعى
مصطلح موضوعي أو اسم جغرافي كعنصر مدخل UML (Computer science)
9 (RLIN) 3960
650 #0 - المدخل الاضافى بالموضوع-مصطلح موضوعى
مصطلح موضوعي أو اسم جغرافي كعنصر مدخل C++ (Computer program language)
9 (RLIN) 3961
906 ## - عنصر بيانات محلى F, LDF (RLIN)
a 7
b cbc
c orignew
d 1
e ecip
f 20
g y-gencatlg
942 ## - عناصر المدخل الإضافي( كوها)
مصدر التصنيف او مخطط الترفيف Dewey Decimal Classification
Koha [default] item type DVD
المقتنيات
حالة الفقد نموذج السعر الفعال حالة تلف ليس للاعارة رقم الطلب تاريخ الاكتساب الموقع الحالي الباركود الفرع الرئيسي Date last seen نوع المادة فى نظام كوها مصدر التصنيف او خطة الترفيف Total Checkouts
  2013-03-10     005.117 SSO 2011-09-07 قسم الاجراءات الفنية (IC) 00101854 قسم الاجراءات الفنية (IC) 2013-03-10 كتاب Dewey Decimal Classification  
  2013-03-10     005.117 SSO 2011-09-07 قسم الاجراءات الفنية (IC) 00101855 قسم الاجراءات الفنية (IC) 2013-03-10 كتاب Dewey Decimal Classification  
  2013-03-10     005.117 SSO 2011-09-07 قسم الاجراءات الفنية (IC) 00101856 قسم الاجراءات الفنية (IC) 2013-03-10 كتاب Dewey Decimal Classification  
  2013-03-10     005.117 SSO 2011-09-07 قسم الاجراءات الفنية (IC) 00101857 قسم الاجراءات الفنية (IC) 2013-03-10 كتاب Dewey Decimal Classification